<?xml version="1.0" encoding="UTF-8"?>
<record
    xmlns:xsi="http://www.w3.org/2001/XMLSchema-instance"
    xsi:schemaLocation="http://www.loc.gov/MARC21/slim http://www.loc.gov/standards/marcxml/schema/MARC21slim.xsd"
    xmlns="http://www.loc.gov/MARC21/slim">

  <leader>01239    a2200253   4500</leader>
  <controlfield tag="005">2011110808208.0</controlfield>
  <datafield tag="010" ind1=" " ind2=" ">
    <subfield code="a"> </subfield>
  </datafield>
  <datafield tag="020" ind1=" " ind2=" ">
    <subfield code="a">8181435672</subfield>
    <subfield code="c">175.00</subfield>
  </datafield>
  <datafield tag="035" ind1=" " ind2=" ">
    <subfield code="a">B-236168</subfield>
  </datafield>
  <datafield tag="037" ind1=" " ind2=" ">
    <subfield code="b"> </subfield>
  </datafield>
  <datafield tag="082" ind1=" " ind2=" ">
    <subfield code="a"> 305.5688</subfield>
  </datafield>
  <datafield tag="100" ind1=" " ind2=" ">
    <subfield code="a">&#x92E;&#x947;&#x915;&#x935;&#x93E;&#x928;, &#x92E;&#x93E;&#x930;&#x94D;&#x91F;&#x93F;&#x928;</subfield>
    <subfield code="9">43857</subfield>
  </datafield>
  <datafield tag="245" ind1="1" ind2=" ">
    <subfield code="a">&#x92E;&#x947;&#x930;&#x940; &#x915;&#x925;&#x93E;&#x903;&#x926;&#x932;&#x93F;&#x924; &#x92F;&#x93E;&#x924;&#x928;&#x93E;, &#x938;&#x902;&#x918;&#x930;&#x94D;&#x937; &#x914;&#x930; &#x92D;&#x935;&#x93F;&#x937;&#x94D;&#x92F; /</subfield>
    <subfield code="c">&#x92E;&#x93E;&#x930;&#x94D;&#x91F;&#x93F;&#x928; &#x92E;&#x947;&#x915;&#x935;&#x93E;&#x928; ; &#x930;&#x93E;&#x92E;&#x928;&#x930;&#x947;&#x936; &#x938;&#x94B;&#x928;&#x940; &#x926;&#x94D;&#x935;&#x93E;&#x930;&#x93E; &#x905;&#x928;&#x941;&#x926;&#x93F;&#x924;</subfield>
  </datafield>
  <datafield tag="246" ind1=" " ind2=" ">
    <subfield code="a"> </subfield>
    <subfield code="b"> </subfield>
  </datafield>
  <datafield tag="250" ind1=" " ind2=" ">
    <subfield code="a"> </subfield>
  </datafield>
  <datafield tag="260" ind1=" " ind2=" ">
    <subfield code="a">&#x928;&#x908; &#x926;&#x93F;&#x932;&#x94D;&#x932;&#x940;</subfield>
    <subfield code="b">&#x935;&#x93E;&#x923;&#x940; &#x92A;&#x94D;&#x930;&#x915;&#x93E;&#x936;&#x928;,</subfield>
    <subfield code="c">2006</subfield>
  </datafield>
  <datafield tag="270" ind1=" " ind2=" ">
    <subfield code="a">21-&#x90F;,&#x926;&#x930;&#x93F;&#x92F;&#x93E;&#x917;&#x902;&#x91C;</subfield>
    <subfield code="b">&#x928;&#x908; &#x926;&#x93F;&#x932;&#x94D;&#x932;&#x940;</subfield>
    <subfield code="e">110002</subfield>
  </datafield>
  <datafield tag="300" ind1=" " ind2=" ">
    <subfield code="a">151&#x92A;&#x943;</subfield>
    <subfield code="c">22&#x938;&#x947;&#x92E;&#x940;  (&#x938;&#x91C;&#x93F;&#x932;&#x94D;&#x926;)</subfield>
  </datafield>
  <datafield tag="490" ind1=" " ind2=" ">
    <subfield code="a"> </subfield>
    <subfield code="9">43858</subfield>
  </datafield>
  <datafield tag="700" ind1=" " ind2=" ">
    <subfield code="a"> &#x938;&#x94B;&#x928;&#x940;, &#x930;&#x93E;&#x92E;&#x928;&#x930;&#x947;&#x936;</subfield>
    <subfield code="9">35748</subfield>
  </datafield>
  <datafield tag="942" ind1=" " ind2=" ">
    <subfield code="a">dpl</subfield>
    <subfield code="c">HN</subfield>
    <subfield code="k">305.5688</subfield>
    <subfield code="2">ddc</subfield>
    <subfield code="m">&#x92E;&#x947;&#x915;&#x935;&#x93E;</subfield>
  </datafield>
  <datafield tag="999" ind1=" " ind2=" ">
    <subfield code="c">64083</subfield>
    <subfield code="d">64083</subfield>
  </datafield>
  <datafield tag="952" ind1=" " ind2=" ">
    <subfield code="0">0</subfield>
    <subfield code="1">3</subfield>
    <subfield code="4">0</subfield>
    <subfield code="7">0</subfield>
    <subfield code="8">NFIC</subfield>
    <subfield code="a">ZLS</subfield>
    <subfield code="b">ZLS</subfield>
    <subfield code="d">2012-03-17</subfield>
    <subfield code="g">175.00</subfield>
    <subfield code="l">1</subfield>
    <subfield code="m">2</subfield>
    <subfield code="o">305.5688&#x92E;&#x947;&#x915;&#x935;&#x93E;</subfield>
    <subfield code="p">B-236168</subfield>
    <subfield code="r">2022-04-22 00:00:00</subfield>
    <subfield code="s">2020-02-03</subfield>
    <subfield code="v">175.00</subfield>
    <subfield code="y">HN</subfield>
  </datafield>
</record>
